MDQL
is popping MORE tags! Check the
thread
!
Quizzes
Events
Quiz Creation
Community
Videos
Private Events
Remove Ads
Sign In
Join for FREE
Feedback
Dark Mode
Quiz Categories
Sports
Geography
Music
Movies
Television
Just For Fun
Miscellaneous
History
Literature
Language
Science
Gaming
Entertainment
Religion
Holiday
For Kids
Quiz Lab
Recent
Popular Today
Quiz Kudos Today
Editor Picks
Curator Picks
Quizzes by...
Day
Popularity
Type
Ratings
Length
Year
Community
Subscriptions
Recent Discussions
Orange Saloon
Badges
Playlists
Quests
Create
Leaderboards
Showdown
Live 5
Trivia Bingo
Activity
Puzzle Library
Sporcle Events
Private Events
Virtual Trivia
Globe League
Become a Host
Pub Owners
SporcleCon
Opinionation
Our Games
Videos
Blog
Mobile Apps
Partnerships
Remove Ads and Go Orange
Feedback
Gaming
Video Games
Board Games
Card Games
Pokémon
Mario
Nintendo
Minecraft
Console
Toys
Legend of Zelda
Gaming
Video Games
Board Games
Card Games
Pokémon
Mario
Nintendo
Minecraft
Console
Toys
Legend of Zelda
Random Quiz
Search Sporcle
×
Quiz Lab
Quiz Lab
Gaming
Ingredients
Type in answers that appear in a list
Type in answers that appear in a list
Classic
Best Score? Go Orange.
Papa's Pancakeria Ingredients Stats
Can you name the ingredients in Papa's Pancakeria?
By
Nickito
4m
29 Questions
171 Plays
171 Plays
171 Plays
Comments
Comments
Give Quiz Kudos
Give Quiz Kudos
-
- Ratings
hide this ad
More Info
Replay
Link that replays current quiz
Next Quiz
Link to next quiz in quiz playlist
You Got
0%
They Got
Avg Score
76%
Avg Friend Score
Upgrade to see
Score Distribution
Jump to the score distribution portion of the page
Score
0/29
Timer
04:00
0
Plays Today
Type of Ingredient
Ingredient
% Correct
Base
Pancake
93.6%
Base
Waffle
91.8%
Mixable
Blueberry Mixable
89.5%
Base
French Toast
88.3%
Pourable
Blueberries
85.4%
Mixable
Chocolate Chip Mixable
84.2%
Syrup
Maple Syrup
83.6%
Placeable
Strawberries
81.9%
Drink
Coffee
81.9%
Drink
Milk
80.7%
Pourable
Chocolate Chips
80.7%
Placeable
Bananas
80.1%
Drink Mixable
Sugar
80.1%
Drink
Orange Juice
79.5%
Placeable
Butter
78.9%
Type of Ingredient
Ingredient
% Correct
Syrup
Blueberry Syrup
78.4%
Drink Mixable
Ice
76.6%
Drink
Tea
76%
Drink Mixable
Cream
73.7%
Syrup
Whipped Cream
72.5%
Drink
Decaf
71.3%
Syrup
Honey
68.4%
Mixable
Bacon Mixable
66.1%
Shaker
Cinnamon
66.1%
Mixable
Pecan Mixable
64.3%
Drink Mixable
Cocoa
63.7%
Pourable
Raspberries
59.1%
Drink
Cranberry Juice
56.7%
Shaker
Powdered Sugar
51.5%
Quiz Playlist
Details
Report
Send in Message
Add To Playlist
More Info:
This quiz is for the original version of Papa's Pancakeria by Flipline Studios, released in 2012.
Classic:
Type in answers that appear in a list
Last Updated: May 3, 2017
Quiz Scoreboard
CHALLENGE
Sign Up to Join the Scoreboard
Show All
Scores
Hide
Comments
May contain spoilers
Recently Published
Image Sorting: Flags VI
by Barbecue
Geography
2m
Find the 'City' Movie
by crazypaving
Movies
60s
Colored Red Africa Blitz
by spor1
Geography
45s
More to Explore
Quiz From the Vault
Featured Blog Post
14 Easter Pick-up Lines to Find Eggs With
hide this ad
You Might Also Like...
Tags
Ingredients
papa
Today's Top Quizzes in Gaming
Browse Gaming
hide this ad
Today's Top Quizzes in Ingredients
Browse Ingredients
Top Contributed Quizzes in Gaming
1
League of Legends Pro Players by Career/Team History
2
Destiny 2 exotic weapons by perk icons
3
Genshin murder mystery
4
Dead By Daylight Logic Puzzle
5
Genshin Impact Logic Puzzle
6
Overwatch Logic Puzzle
7
4x4 Decades: Video Games
8
Who's on the WWE 2K24 Cover?
9
Overwatch 2: Ultimate Ability Icons
10
Valorant Agent Developer Names (Up to Clove)
Explore More
Trending Topics
NBA
Crossword
Disney
Marvel
Kpop
Anime
Harry Potter
Pokémon
Soccer
Puzzle
WWE
NFL
Country
The Office
Song
hide this ad
More By:
Nickito
Quiz
Plays
Rating
Category
Featured
Created
Papa Louie's Customers
1,525
4.75
Gaming
May 5, 2017
Criminal Case Repeat Suspects
466
3.50
Gaming
Jun 29, 2016
Papa's Pizzeria Ingredients
326
5.00
Gaming
May 3, 2017
Papa's Freezeria Ingredients
273
5.00
Gaming
May 3, 2017
Progressively Harder Formula One Race Winners
241
5.00
Sports
May 19, 2023
Go to Creator's Profile
Score Distribution
Quiz Creator Spotlight
Nickito
Follow
Send a Message
Quizzes Created
-
Created Quiz Play Count
-
More By This Creator
Popular Quizzes Today
1
Colored Red Africa Blitz
2
Find the US States - No Outlines Minefield
3
Find the 'City' Movie
4
5x2 Blitz: Bands
5
The Countries of the World
6
Find the US States
7
Find the Countries of Europe - No Outlines Minefield
8
US States
More Gaming Quizzes
How I Won at Board Games
Published
Trending Quizzes
Colored Red Europe Blitz I
Colored Red Europe Blitz II
Colored Red Africa Blitz II
Colored Red Europe Blitz III
Colored Red Africa Blitz III
Recently Updated
How Do You Spell That?
pecheneg
Godzilla Movies
pecheneg
Grab Bag: 4-10 Letters
pecheneg
2024 March Madness Bracket
pecheneg
Famous TV Couples
Peacemaker
Champions League XIs: Real Madrid
pecheneg
Largest US Cities 1790-2010
pecheneg
Rides in Walt Disney World
pecheneg
Most Oscar Losses (Acting)
pecheneg
Beyoncé Albums
pecheneg
Trending Topics
Crossword
Disney
NBA
Kpop
Marvel
Harry Potter
Anime
The Office
Puzzle
NFL
WWE
Soccer
Song
Pokémon
Country
Your Account Isn't Verified!
In order to create a playlist on Sporcle, you need to verify the email address you used during registration. Go to your
Sporcle Settings
to finish the process.
Report this User
Report this user for behavior that violates our
Community Guidelines
.
Details:
Send Report
Go to the Sporcle.com Mobile Site →
Comments